| 000 | 01060nam a2200313Ia 4500 | ||
|---|---|---|---|
| 001 | Z_2425 | ||
| 003 | CHAP | ||
| 008 | 220113s2005 xx 000 0 und d | ||
| 010 | _a165479 | ||
| 020 | _a968-02-0194-5 | ||
| 040 | _cCHAP | ||
| 082 | _a333.72972 U86 | ||
| 245 |
_aUso de los recursos naturales y medio ambiente / _ccoordinador Genaro Aguilar Sánchez ; fotografía Genraro Aguilar Sánchez |
||
| 260 |
_aChapingo, México : _bUACh. Programa Nacional de Investigación en Recursos Naturales y Ecología, _c2005 |
||
| 300 | _a373 p. | ||
| 503 | _aej.1. s/n | ||
| 504 | _aIncluye bibliografía | ||
| 650 |
_aMedio ambiente _x _x Contaminación _x _x México _9139340 |
||
| 650 |
_aRecursos naturales _x _x Aprovechamiento _x _x México _9139341 |
||
| 650 |
_aRecursos naturales _x _x Utilización _x _x México _9139342 |
||
| 700 |
_a Aguilar Sánchez, Genaro, fot. _9139343 |
||
| 700 |
_aAguilar Sánchez, Genaro, coord. _9139344 |
||
| 901 | _a333.72972 U86 | ||
| 902 | _aM | ||
| 910 | _a2005 | ||
| 942 | _c1 | ||
| 942 | _cc1 | ||
| 999 |
_c165479 _d165479 |
||